Incidencias de las tecnologías contables en la gestión financiera de las PYMES / (Registro nro. 3398)
[ vista simple ]
| 000 -LEADER | |
|---|---|
| fixed length control field | 02513nam a2200289 i 4500 |
| 003 - CONTROL NUMBER IDENTIFIER | |
| control field | Co-Ctgcurn |
| 005 - DATE AND TIME OF LATEST TRANSACTION | |
| control field | 20250405162221.0 |
| 007 - PHYSICAL DESCRIPTION FIXED FIELD--GENERAL INFORMATION | |
| fixed length control field | ta |
| 008 - FIXED-LENGTH DATA ELEMENTS--GENERAL INFORMATION | |
| fixed length control field | 200622s2024 000 0 eng d |
| 040 ## - CATALOGING SOURCE | |
| Original cataloging agency | CO-CtgCURN |
| Language of cataloging | spa |
| Transcribing agency | coctgcurn |
| Description conventions | rda |
| 082 0# - DEWEY DECIMAL CLASSIFICATION NUMBER | |
| Classification number | COP 2024 |
| Item number | M842 |
| 100 1# - MAIN ENTRY--PERSONAL NAME | |
| Personal name | Morales León, Melany Camila |
| Relator term | author. |
| Relationship | aut |
| 245 13 - TITLE STATEMENT | |
| Title | Incidencias de las tecnologías contables en la gestión financiera de las PYMES / |
| Statement of responsibility, etc. | Melany Camila Morelos León; Juan Sebastián Arrieta De Arco; director: Alain Fitzferard Castro Alfaro . |
| 260 ## - PUBLICATION, DISTRIBUTION, ETC. | |
| Place of publication, distribution, etc. | Cartagena de Indias : |
| Name of publisher, distributor, etc. | Corporación Universitaria Rafael Núñez, |
| Date of publication, distribution, etc. | 2024. |
| 300 ## - PHYSICAL DESCRIPTION | |
| Extent | 26 hojas. |
| 336 ## - CONTENT TYPE | |
| Content type term | text |
| Content type code | txt |
| Source | rdacontent |
| 337 ## - MEDIA TYPE | |
| Media type term | unmediated |
| Media type code | n |
| Source | rdamedia |
| 338 ## - CARRIER TYPE | |
| Carrier type term | volume |
| Carrier type code | nc |
| Source | rdacarrier |
| 502 ## - DISSERTATION NOTE | |
| Dissertation note | Trabajo de grado (Contador público). Corporación Universitaria Rafael Núñez. Facultad de Ciencias Administrativas y Contables. Programa de Contaduría Pública, 2024. |
| 520 8# - SUMMARY, ETC. | |
| Summary, etc. | "Las tecnologías contables como los softwares, en la era digital actual juegan un papel crucial en la gestión financiera de las pequeñas y medianas empresas (PYMES). Estos sistemas están permitiendo la gestión y el registro eficiente de las transacciones diarias, como son los ingresos, gastos y otros movimientos financieros. Además, ofrecen herramientas para la ayuda de presentación de informes y análisis de la información financiera, lo que facilita una visión integral de la salud económica de la empresa. Una de las principales ventajas de adoptar las tecnologías contables en las Pymes es la capacidad de supervisar de manera continua su situación financiera. Estas herramientas contribuyen de manera significativa al desarrollo económico de las empresas al optimizar procesos y mejorar la precisión en la gestión financiera. La integración de las nuevas tecnologías en los pequeños negocios no solo impulsa el crecimiento, sino que también refuerza la entidad al facilitar las operaciones diarias y ofrecer un control más riguroso sobre las finanzas." |
| 650 #0 - SUBJECT ADDED ENTRY--TOPICAL TERM | |
| Topical term or geographic name entry element | Contaduría pública |
| General subdivision | Tesis y disertaciones académicas. |
| 700 1# - ADDED ENTRY--PERSONAL NAME | |
| Personal name | Arrieta de Arco, Juan Sebastián . |
| 700 1# - ADDED ENTRY--PERSONAL NAME | |
| Personal name | Castro Alfaro, Alain Fitzferard, |
| Relator term | asesor. |
| 856 7# - ELECTRONIC LOCATION AND ACCESS | |
| Uniform Resource Identifier | <a href="https://unicurn.sharepoint.com/:b:/s/biblioteca/EbaAUqiZn4ZLnL7fNGl5G94BIaR79RFGz9my3kkaovPe1A?e=PrZffw">https://unicurn.sharepoint.com/:b:/s/biblioteca/EbaAUqiZn4ZLnL7fNGl5G94BIaR79RFGz9my3kkaovPe1A?e=PrZffw</a> |
| Public note | Click para ver el recurso en texto completo |
| 942 ## - ADDED ENTRY ELEMENTS (KOHA) | |
| Source of classification or shelving scheme | Dewey Decimal Classification |
| Institution code [OBSOLETE] | MHC |
| Koha item type | Trabajos de grado |
| Classification part | COP 2024 |
| Item part | M842 |
| Suppress in OPAC | No |
| Withdrawn status | Lost status | Source of classification or shelving scheme | Damaged status | Not for loan | Collection | Home library | Current library | Shelving location | Date acquired | Total checkouts | Full call number | Barcode | Date last seen | Price effective from | Koha item type |
|---|---|---|---|---|---|---|---|---|---|---|---|---|---|---|---|
| Dewey Decimal Classification | Trabajos de grado | Miguel Henríquez Castañeda | Miguel Henríquez Castañeda | Trabajo de grado | 03/29/2025 | COP 2024 M842 | 025406 | 03/29/2025 | 03/29/2025 | Trabajos de grado |